[Event "Quebec op U1400"]
[Site "Montreal"]
[Date "2016.07.29"]
[Round "8.73"]
[White "Liu, Kevin1111"]
[Black "Laroche, Hugo"]
[Result "1-0"]
[WhiteElo "1312"]
[BlackElo "1272"]
[PlyCount "37"]
[EventDate "2016.07.23"]
[EventType "swiss"]
[EventRounds "8"]
[EventCountry "CAN"]
[SourceTitle "EXT 2022"]
[Source "ChessBase"]
[SourceDate "2021.10.06"]
[SourceVersion "1"]
[SourceVersionDate "2021.10.06"]
[SourceQuality "1"]

1. e4 e5 2. Nf3 Nc6 3. Nc3 Nf6 4. d4 exd4 5. Nxd4 Bb4 6. Nxc6 bxc6 7. Bd3 Bxc3+ 8. bxc3 h6 9. 0-0 0-0 10. f4 Re8 11. e5 Nd5 12. Qf3 Nxc3 13. Bc4 Na4 14. Qb3 Qe7 15. Qxa4 Qc5+ 16. Kh1 Rb8 17. Ba3 Qd4 18. Bxf7+ Kxf7 19. Qxd4 1-0